[Event "Akureyri Icelandic op"]
[Site "Akureyri"]
[Date "2019.05.29"]
[Round "6"]
[White "Barthel, Ansgar"]
[Black "Olafsson, Smari"]
[Result "1-0"]
[WhiteElo "2062"]
[BlackElo "1939"]
[PlyCount "57"]
[EventDate "2019.05.25"]
[EventType "swiss"]
[EventRounds "9"]
[EventCountry "ISL"]
[SourceTitle "CBM 190 Extra"]
[Source "ChessBase"]
[SourceDate "2019.07.15"]
[SourceVersion "1"]
[SourceVersionDate "2019.07.15"]
[SourceQuality "1"]

1. e4 c5 2. Nf3 Nc6 3. d4 cxd4 4. Nxd4 e5 5. Nb5 a6 6. Nd6+ Bxd6 7. Qxd6 Qf6 8. Qxf6 Nxf6 9. Nc3 Nb4 10. Bd3 d5 11. exd5 Nxd3+ 12. cxd3 Bf5 13. 0-0 0-0-0 14. Bg5 Bxd3 15. Rfe1 Rhe8 16. Re3 Bg6 17. Rae1 Nxd5 18. Rxe5 f6 19. Nxd5 Rxd5 20. Rc1+ Kb8 21. Rxd5 fxg5 22. Rxg5 Re2 23. h4 Rxb2 24. h5 Be4 25. f3 Bd3 26. Rc3 Bc2 27. a3 g6 28. h6 Bb1 29. Re3 1-0

[Event "Akureyri Icelandic op"]
[Site "Akureyri"]
[Date "2019.05.25"]
[Round "1"]
[White "Olafsson, Smari"]
[Black "Hillarp Persson, Tiger"]
[Result "0-1"]
[WhiteElo "1939"]
[BlackElo "2563"]
[PlyCount "76"]
[EventDate "2019.05.25"]
[EventType "swiss"]
[EventRounds "9"]
[EventCountry "ISL"]
[SourceTitle "CBM 190 Extra"]
[Source "ChessBase"]
[SourceDate "2019.07.15"]
[SourceVersion "1"]
[SourceVersionDate "2019.07.15"]
[SourceQuality "1"]

1. e4 g6 2. d4 Bg7 3. Nc3 d6 4. Nf3 a6 5. a4 b6 6. Bc4 e6 7. Bg5 Ne7 8. 0-0 h6 9. Bd2 Nd7 10. Qe2 0-0 11. Rad1 Bb7 12. Rfe1 Qb8 13. b4 Qa7 14. b5 axb5 15. Nxb5 Qb8 16. Bb3 c6 17. Nc3 Ba6 18. Qe3 d5 19. Bc1 Re8 20. Ba3 Bf8 21. h4 Bb7 22. Qd2 Qd8 23. exd5 cxd5 24. Qf4 Nf5 25. Bxf8 Rxf8 26. g3 Kg7 27. Ne5 Ba6 28. Kg2 Rc8 29. Na2 Nxe5 30. Rxe5 Qf6 31. Nb4 Bb7 32. Ree1 Rfd8 33. Qd2 Rc7 34. Re5 Rdc8 35. Rde1 Rc3 36. Na2 Nxh4+ 37. gxh4 Qf3+ 38. Kf1 Ba6+ 0-1

[Event "ISL-chT2 1617"]
[Site "Reykjavik"]
[Date "2016.10.02"]
[Round "4.3"]
[White "Olafsson, Smari"]
[Black "Davidsdottir, Nansy"]
[Result "1/2-1/2"]
[WhiteElo "2018"]
[BlackElo "1842"]
[PlyCount "55"]
[EventDate "2016.09.30"]
[EventType "team-tourn"]
[EventRounds "7"]
[EventCountry "ISL"]
[SourceTitle "EXT 2018"]
[Source "ChessBase"]
[SourceDate "2017.10.13"]
[SourceVersion "1"]
[SourceVersionDate "2017.10.13"]
[SourceQuality "1"]
[WhiteTeam "Akureyri II"]
[BlackTeam "Fjolnis II"]
[WhiteTeamCountry "ISL"]
[BlackTeamCountry "ISL"]

1. e4 c5 2. Nf3 e6 3. d4 cxd4 4. Nxd4 Nc6 5. Nc3 Qc7 6. a3 a6 7. Be3 Nf6 8. Be2 Be7 9. 0-0 0-0 10. f4 d6 11. Qe1 Bd7 12. Qg3 d5 13. e5 Ne4 14. Nxe4 dxe4 15. c3 f6 16. Nxc6 Qxc6 17. Kh1 f5 18. Qf2 b5 19. Rad1 Rad8 20. Rd2 Qb7 21. Rfd1 Bc6 22. Rxd8 Rxd8 23. Qe1 Bd5 24. Rd2 Qc7 25. Qf2 Qc6 26. Kg1 Rc8 27. g3 g6 28. Bd4 1/2-1/2

[Event "ISL-chT2 1617"]
[Site "Reykjavik"]
[Date "2016.09.30"]
[Round "1.1"]
[White "Olafsson, Smari"]
[Black "Halldorsson, Kristjan"]
[Result "0-1"]
[WhiteElo "2018"]
[BlackElo "1887"]
[PlyCount "54"]
[EventDate "2016.09.30"]
[EventType "team-tourn"]
[EventRounds "7"]
[EventCountry "ISL"]
[SourceTitle "EXT 2018"]
[Source "ChessBase"]
[SourceDate "2017.10.13"]
[SourceVersion "1"]
[SourceVersionDate "2017.10.13"]
[SourceQuality "1"]
[WhiteTeam "Akureyri II"]
[BlackTeam "Huginn III"]
[WhiteTeamCountry "ISL"]
[BlackTeamCountry "ISL"]

1. e4 c5 2. Nf3 e6 3. d4 cxd4 4. Nxd4 a6 5. c4 Qc7 6. Nc3 Nf6 7. Bd3 Be7 8. 0-0 0-0 9. Be3 d6 10. f4 Nbd7 11. Qe2 b6 12. g4 Nc5 13. g5 Nfd7 14. Bc2 Re8 15. h4 Nf8 16. f5 d5 17. Qf2 dxc4 18. fxe6 Bxe6 19. Nxe6 fxe6 20. Rad1 Ng6 21. Qf7+ Kh8 22. Qf2 Rf8 23. Qe1 Rxf1+ 24. Kxf1 Rf8+ 25. Kg1 Ne5 26. Qg3 Rf3 27. Qe1 Ng4 0-1